Statistics for 2015 World Motocross Championship Riders by Number

Click here to take the quiz!

General Stats

  • This quiz has been taken 172 times
  • The average score is 8 of 26

Answer Stats

HintAnswer% Correct
222Antonio Cairoli
83%
84Jeffrey Herlings
58%
461Romain Febvre
52%
100Tommy Searle
47%
243Tim Gajser
45%
12Max Nagl
44%
25Clement Desalle
38%
21Gautier Paulin
38%
911Jordi Tixier
36%
2Ryan Villopoto
36%
259Glen Coldenhoff
33%
24Shaun Simpson
31%
91Jeremy Seewer
29%
99Max Anstie
26%
9Ken de Dycker
23%
22Kevin Strijbos
22%
4Dylan Ferrandis
19%
89Jeremy Van Horebeek
16%
41Pauls Jonass
15%
111Dean Ferris
13%
991Nathan Watson
12%
6Benoit Paturel
11%
92Valentin Guillod
10%
47Todd Waters
9%
19David Philippaerts
5%
59Alexandr Tonkov
3%

Score Distribution

Percentile by Number Answered

Percent of People with Each Score

Your Score History

You have not taken this quiz